000 00434nam a2200169Ia 4500
008 240729s9999 xx 000 0 und d
022 _a2072-6643
245 0 _aNutrients
260 _aSwitzerland
260 _bMDPI AG
650 _a Home economics
650 _a Nutrition. Foods and food supply
650 _aTechnology
856 _uhttps://doaj.org/toc/2ce0d0dc3a2c4813aad4c025b961f9af
942 _2ddc
942 _cDOAJEJ
999 _c74447
_d74447
945 _a1
_bMadushi Gamage
_c1
_dMadushi Gamage